| 000 | 00518nam a2200217Ia 4500 | ||
|---|---|---|---|
| 008 | 170711s9999 xx 000 0 und d | ||
| 020 | _a9781434394989 | ||
| 050 | _a920 | ||
| 050 | _bM478 2008 | ||
| 100 | _aMcCollough, Bonnie | ||
| 245 | _aMemories of Bonnie / | ||
| 245 | _cby Bonnie McCollough. | ||
| 260 | _aUSA : | ||
| 260 | _bAuthor House, | ||
| 260 | _c2008 | ||
| 300 | _a90 pages : | ||
| 300 | _billustrations ; | ||
| 300 | _c22cm. | ||
| 650 | _aBiography and autobiography. | ||
| 700 | _aTitle. | ||
| 999 |
_c339780 _d339780 |
||